Les vainqueurs de la Ligue Europa. - Statistiques

Statistiques générales
  • Ce quiz a été pris 212 fois
  • Le résultat moyen est 32 sur 52
Statistiques - réponses
Années Vainqueurs Pays % Correct
2023 Seville Espagne
99%
2020 Seville Espagne
99%
2016 Seville Espagne
99%
2015 Seville Espagne
99%
2014 Seville Espagne
99%
2007 Seville Espagne
99%
2006 Seville Espagne
99%
2017 Manchester United Angleterre
92%
2019 Chelsea Angleterre
90%
2013 Chelsea Angleterre
90%
2018 Atletico Madrid Espagne
85%
2012 Atletico Madrid Espagne
85%
2010 Atletico Madrid Espagne
85%
2011 Porto Portugal
80%
2003 Porto Portugal
80%
1993 Juventus Italie
77%
1990 Juventus Italie
77%
1977 Juventus Italie
77%
2021 Villarreal Espagne
76%
1992 Ajax Pays-Bas
75%
1998 Inter Milan Italie
72%
1994 Inter Milan Italie
72%
1991 Inter Milan Italie
72%
1996 Bayern Allemagne
67%
2001 Liverpool Angleterre
66%
1976 Liverpool Angleterre
66%
1973 Liverpool Angleterre
66%
2004 Valence Espagne
64%
1978 PSV Pays-Bas
62%
2000 Galatasaray Turquie
60%
2022 Eintracht Allemagne
58%
1980 Eintracht Allemagne
58%
1986 Real Madrid Espagne
56%
1985 Real Madrid Espagne
56%
2002 Feyenoord Pays-Bas
53%
1974 Feyenoord Pays-Bas
53%
2008 Zenith Russie
52%
1984 Tottenham Angleterre
47%
1972 Tottenham Angleterre
47%
2005 CSKA Moscou Russie
39%
1999 Parme Italie
38%
1995 Parme Italie
38%
1983 Anderlecht Belgique
37%
1997 Schalke Allemagne
35%
1988 Leverkusen Allemagne
30%
1989 Napoli Italie
27%
2009 Shakhtar Ukraine
23%
1987 Goteborg Suede
17%
1982 Goteborg Suede
17%
1981 Ipswich Town Angleterre
7%
1979 M'gladbach Allemagne
3%
1975 M'gladbach Allemagne
3%
Aucun quiz correspondant
Distribution des résultats
% des personnes avec chaque résultat
Percentile par nombre de réponses
Votre historique - résultats
Vous n’avez pas pris ce quiz